| 000 | 00516nam a2200193 a 4500 | ||
|---|---|---|---|
| 001 | 3297 | ||
| 005 | 20180713183233.0 | ||
| 008 | 140415s1978 000 0 spa d | ||
| 041 | _aspa | ||
| 082 |
_a657.42 _bLAW |
||
| 100 | 1 | _aLAWRENCE, W.B. | |
| 245 | 1 | 0 | _aCONTABILIDAD DE COSTOS |
| 250 | _a2a ed. | ||
| 260 |
_a[s.l.] : _bUTEHA, _c1978 |
||
| 300 | _a2 | ||
| 490 |
_aBIBLIOTECA UTEHA DE CONTABILIDAD SUPERIOR _v7 |
||
| 650 | 1 | 4 | _aCONTABILIDAD DE COSTOS |
| 700 | 1 |
_aCONTRO MALO, FRANCISCO _etr. |
|
| 999 |
_c3297 _d3297 |
||